000 00303nam a22001217a 4500
008 170424b xxu||||| |||| 00| 0 eng d
041 _aeng
080 _a54
100 _a12
101 _aSHM
245 _aCUMULATIVE INDEX FOR VOLUMES ONE TO TEN OF THE CHEMICAL FORMULARY
_cBENNET, H
942 _2udc
_cBK
999 _c11770
_d11770